[Event "Dobczyce2015"]
[Site "Dobczyce "]
[Date "2015.??.??"]
[Round "1.1"]
[White "Golenia, Jan"]
[Black "Swiech, Przemyslaw"]
[Result "0-1"]
[WhiteElo "1792"]
[BlackElo "2256"]
[PlyCount "123"]
[EventDate "2015.??.??"]

1. d4 Nf6 2. c4 c5 3. d5 e6 4. Nc3 exd5 5. cxd5 d6 6. e4 g6 7. Bf4 a6 8. Bd3 b5
9. a3 Bg7 10. Nf3 O-O 11. O-O Bg4 12. h3 Bxf3 13. Qxf3 Ne8 14. Qg3 Nd7 15. Rfd1
Ne5 16. Bc2 h6 17. Bxe5 Bxe5 18. f4 Bd4+ 19. Kh1 Ng7 20. Rxd4 cxd4 21. Ne2 Qf6
22. Bd3 Rfe8 23. Qf2 g5 24. f5 Qe5 25. g4 Rec8 26. Qxd4 Ne8 27. Kg2 Rab8 28.
Rd1 a5 29. Rf1 b4 30. a4 b3 31. Qxe5 dxe5 32. Nc3 Rb4 33. Kf3 Nd6 34. Ke3 f6
35. Rb1 Kf7 36. Rd1 Ke7 37. Rb1 h5 38. gxh5 Nc4+ 39. Bxc4 Rbxc4 40. Rd1 Rxc3+
41. bxc3 Rxc3+ 42. Kd2 Rxh3 43. Rb1 Kd6 44. h6 Kc5 45. d6 Kxd6 46. h7 Kc5 47.
Rxb3 Rxh7 48. Rd3 Kb4 49. Rd6 Rh6 50. Rb6+ Kc5 51. Rb5+ Kd4 52. Rxa5 Rh2+ 53.
Ke1 Kxe4 54. Rb5 Ra2 55. a5 Kxf5 56. Kf1 g4 57. Rc5 Kg5 58. Rb5 Kf4 59. Rb6 f5
60. a6 e4 61. Rf6 e3 62. Ke1 0-1

[Event "Dobczyce2015"]
[Site "Dobczyce "]
[Date "2015.??.??"]
[Round "1.2"]
[White "Mucha, Roman"]
[Black "Brozyna, Mateusz"]
[Result "1-0"]
[WhiteElo "2203"]
[BlackElo "1783"]
[PlyCount "36"]
[EventDate "2015.??.??"]

1. d4 e6 2. e4 c5 3. d5 Nf6 4. Nc3 exd5 5. exd5 d6 6. Nf3 g6 7. Bf4 Nh5 8. Bg5
f6 9. Bh6 Bxh6 10. Bb5+ Kf7 11. O-O a6 12. Bd3 Re8 13. a4 Nd7 14. a5 b5 15.
axb6 Qxb6 16. b3 Qb4 17. Ne2 Nf4 18. Nxf4 Bxf4 {zapis nieczytelny} 1-0

[Event "Dobczyce2015"]
[Site "Dobczyce "]
[Date "2015.??.??"]
[Round "1.3"]
[White "Golenia, Wojciech"]
[Black "Kyc, Jerzy"]
[Result "0-1"]
[WhiteElo "1750"]
[BlackElo "2127"]
[PlyCount "120"]
[EventDate "2015.??.??"]

1. e4 c5 2. c3 Nf6 3. e5 Nd5 4. d4 cxd4 5. cxd4 Nc6 6. Nf3 d6 7. Bc4 Nb6 8. Bb3
dxe5 9. d5 Na5 10. Nc3 Nxb3 11. Qxb3 g6 12. Nxe5 Bg7 13. Bf4 O-O 14. O-O Bf5
15. Rfd1 Rc8 16. Rac1 Nd7 17. Nxd7 Qxd7 18. h3 h5 19. f3 Rfd8 20. Kh2 h4 21.
Ne4 Rxc1 22. Rxc1 Qxd5 23. Qxd5 Rxd5 24. Rc7 Rb5 25. b3 Bxe4 26. fxe4 g5 27.
Rc8+ Kh7 28. Be3 a6 29. Rc5 Rxc5 30. Bxc5 e6 31. Kg1 Kg6 32. Kf2 Be5 33. Be7
Bd4+ 34. Ke2 f5 35. Kd3 Bb6 36. a4 Kh5 37. b4 g4 38. a5 Bf2 39. Bf6 f4 40. Ke2
Bg1 41. Kf1 Ba7 42. Be7 Bd4 43. Bd6 e5 44. Be7 f3 45. Bf6 Bc3 46. Be7 Bd2 47.
Kf2 fxg2 48. Kxg2 Be1 49. Bd6 Kg5 50. Be7+ Kf4 51. hxg4 Kxg4 52. Kf1 h3 53. Bc5
Kf3 54. Kg1 Bg3 55. Kh1 Kxe4 56. Bd6 Kf3 57. Bc5 e4 58. b5 axb5 59. a6 bxa6 60.
Bb4 e3 0-1

[Event "Dobczyce2015"]
[Site "Dobczyce "]
[Date "2015.??.??"]
[Round "1.4"]
[White "Bednarczyk, Damian"]
[Black "Klementys, Jerzy"]
[Result "1-0"]
[WhiteElo "2103"]
[BlackElo "1652"]
[PlyCount "75"]
[EventDate "2015.??.??"]

1. d4 Nf6 2. c4 g6 3. Nc3 d5 4. b3 Bg7 5. Bb2 O-O 6. Nf3 c6 7. e3 Bg4 8. Be2
Nbd7 9. O-O Re8 10. Ne5 Bxe2 11. Qxe2 e6 12. f4 Ne4 13. Nxe4 dxe4 14. Qc2 f5
15. Rfd1 Qc7 16. g4 Nxe5 17. dxe5 c5 18. Rd6 Bf8 19. Rad1 Rad8 20. Qd2 Bxd6 21.
exd6 Qf7 22. Qc3 Kf8 23. Qh8+ Qg8 24. Qe5 b6 25. d7 Re7 26. Qc7 Kf7 27. g5 Qf8
28. Bf6 h6 29. h4 hxg5 30. hxg5 Qg8 31. Rd2 a6 32. a3 b5 33. cxb5 axb5 34. a4
bxa4 35. bxa4 c4 36. a5 c3 37. Bxc3 Qf8 38. Bf6 1-0

[Event "Dobczyce2015"]
[Site "Dobczyce "]
[Date "2015.??.??"]
[Round "1.5"]
[White "Lanoszka, Tadeusz"]
[Black "Gawronski, Lukasz"]
[Result "0-1"]
[WhiteElo "1418"]
[BlackElo "2006"]
[PlyCount "70"]
[EventDate "2015.??.??"]

1. c4 e5 2. g3 Nc6 3. Bg2 Nf6 4. Nc3 Bc5 5. e3 O-O 6. Nge2 Re8 7. d3 d6 8. b3
Be6 9. O-O d5 10. cxd5 Nxd5 11. d4 exd4 12. Nxd5 Bxd5 13. Bxd5 Qxd5 14. Bb2
Rad8 15. exd4 Nxd4 16. Nxd4 Bxd4 17. Bxd4 Qxd4 18. Qf3 Qe4 19. Qc3 Qe5 20. Qb4
Qd5 21. Rac1 a5 22. Qf4 c6 23. Qc7 Rd7 24. Qb6 Re5 25. Qa7 g6 26. Qb8+ Kg7 27.
Rfd1 Qxd1+ 28. Rxd1 Rxd1+ 29. Kg2 Re7 30. Qf4 Re2 31. Qf3 Rdd2 32. Qc3+ Kh6 33.
Qxa5 Rxf2+ 34. Kh3 f5 35. g4 Rd3+ 0-1

[Event "Dobczyce2015"]
[Site "Dobczyce "]
[Date "2015.??.??"]
[Round "1.6"]
[White "Slabek, Grzegorz"]
[Black "Bielecki, Andrzej"]
[Result "1-0"]
[WhiteElo "2002"]
[BlackElo "1381"]
[PlyCount "99"]
[EventDate "2015.??.??"]

1. Nf3 d5 2. d4 Nf6 3. c4 c6 4. Qb3 Bf5 5. Qxb7 Nbd7 6. Bf4 e6 7. Nc3 Be7 8. e3
O-O 9. cxd5 cxd5 10. Bc7 Qc8 11. Ba6 Qxb7 12. Bxb7 Rae8 13. O-O h6 14. Ne5 Nxe5
15. dxe5 Ne4 16. Nxe4 Bxe4 17. Rfc1 f6 18. Bc6 Rc8 19. Bd7 Ra8 20. Bxe6+ Kh7
21. f3 Bg6 22. Bxd5 Rac8 23. Bb7 Rce8 24. e4 fxe5 25. Bc6 Rc8 26. Bd7 Ra8 27.
Bxe5 Bf6 28. Bxf6 Rxf6 29. Rc8 Rxc8 30. Bxc8 Rc6 31. Bf5 Bxf5 32. exf5 Rc2 33.
Rb1 h5 34. a4 a5 35. b4 axb4 36. Rxb4 Ra2 37. h4 Kg8 38. g4 hxg4 39. fxg4 Kf7
40. g5 g6 41. f6 Ke6 42. Re4+ Kf7 43. Rf4 Rb2 44. Kf1 Rd2 45. Ke1 Rd5 46. Ke2
Rd6 47. Ke3 Rd1 48. Rb4 Rd7 49. a5 Rd1 50. Ra4 1-0

[Event "Dobczyce2015"]
[Site "Dobczyce "]
[Date "2015.??.??"]
[Round "1.7"]
[White "Mazurkiewicz, Adam"]
[Black "Sleczka, Bartosz"]
[Result "0-1"]
[WhiteElo "1378"]
[BlackElo "1899"]
[PlyCount "51"]
[EventDate "2015.??.??"]

1. e4 e5 2. Nf3 Nc6 3. Bc4 Nf6 4. Qe2 h6 5. c3 d6 6. h3 Be7 7. d4 exd4 8. cxd4
O-O 9. Nc3 Re8 10. O-O a6 11. e5 dxe5 12. dxe5 Bb4 13. Rd1 Qe7 14. exf6 Qxe2
15. Nxe2 b5 16. Bd5 Bb7 17. Nf4 Bd6 18. fxg7 Kxg7 19. Bd2 Na5 20. Bxa5 Bxd5 21.
Nxd5 Ra7 22. Rac1 c5 23. Bb6 Rb7 24. Bxc5 Bxc5 25. Rxc5 Re2 26. Rd2 0-1

[Event "Dobczyce2015"]
[Site "Dobczyce "]
[Date "2015.??.??"]
[Round "2.1"]
[White "Swiech, Przemyslaw"]
[Black "Slabek, Grzegorz"]
[Result "1-0"]
[WhiteElo "2256"]
[BlackElo "2002"]
[PlyCount "83"]
[EventDate "2015.??.??"]

1. e4 Nf6 2. Nc3 d5 3. exd5 Nxd5 4. Nge2 e6 5. g3 Be7 6. Bg2 O-O 7. O-O b6 8.
d4 Bb7 9. Ne4 Qc8 10. c4 Nf6 11. N2c3 Nbd7 12. Bf4 Nxe4 13. Nxe4 Nf6 14. Qc2
Bxe4 15. Bxe4 Nxe4 16. Qxe4 Bf6 17. Be5 Bxe5 18. dxe5 Rd8 19. Rad1 Qa6 20. Rd7
Qa4 21. Rxc7 Qxa2 22. Kg2 Qa4 23. Qf3 Qe8 24. Rd1 Rxd1 25. Qxd1 g6 26. Qd7 Qxd7
27. Rxd7 Rc8 28. b3 a5 29. Ra7 g5 30. Kf3 Kg7 31. Ke4 Kg6 32. g4 h5 33. gxh5+
Kxh5 34. Rxf7 a4 35. Kd4 axb3 36. Rf3 Rd8+ 37. Kc3 b5 38. cxb5 Rd5 39. Kc4 b2
40. Rb3 Rd2 41. b6 Rc2+ 42. Kb5 1-0

[Event "Dobczyce2015"]
[Site "Dobczyce "]
[Date "2015.??.??"]
[Round "2.2"]
[White "Gawronski, Lukasz"]
[Black "Mucha, Roman"]
[Result "0-1"]
[WhiteElo "2006"]
[BlackElo "2203"]
[PlyCount "70"]
[EventDate "2015.??.??"]

1. d4 f5 2. c4 Nf6 3. Bf4 g6 4. e3 Bg7 5. Bd3 O-O 6. Qc2 d6 7. Nc3 Nc6 8. O-O-O
a6 9. a3 Nh5 10. d5 Nxf4 11. exf4 Nd4 12. Qb1 e5 13. dxe6 Nxe6 14. Nge2 Bxc3
15. bxc3 Qf6 16. h4 h5 17. Rhe1 Qxh4 18. g3 Qf6 19. c5 Nxc5 20. Bc4+ Kg7 21.
Nd4 Bd7 22. Re3 Rfe8 23. Rde1 Rxe3 24. Rxe3 Re8 25. Rxe8 Bxe8 26. Kc2 Qe7 27.
Kb2 c6 28. Qd1 b5 29. Ba2 d5 30. Bb1 Na4+ 31. Kb3 c5 32. Bxf5 cxd4 33. Qxd4+
Qf6 34. Bc8 Qxd4 35. cxd4 a5 0-1

[Event "Dobczyce2015"]
[Site "Dobczyce "]
[Date "2015.??.??"]
[Round "2.3"]
[White "Kyc, Jerzy"]
[Black "Gromada, Andrzej"]
[Result "1-0"]
[WhiteElo "2127"]
[BlackElo "1821"]
[PlyCount "73"]
[EventDate "2015.??.??"]

1. e4 g6 2. d4 Bg7 3. Nf3 d6 4. Bc4 Nc6 5. O-O Nf6 6. Nbd2 O-O 7. Qe2 d5 8.
exd5 Nxd5 9. Nb3 Bg4 10. c3 e6 11. h3 Bxf3 12. Qxf3 Nce7 13. Bg5 c6 14. Rfe1
Qd6 15. Nc5 b6 16. Ne4 Qc7 17. Bb3 Rac8 18. c4 Nb4 19. a3 Na6 20. Rad1 Nf5 21.
g4 Ne7 22. Bf6 h6 23. Be5 Bxe5 24. dxe5 Nc5 25. Nf6+ Kg7 26. Bc2 Rfd8 27. Nh5+
gxh5 28. Qf6+ Kg8 29. Qxh6 Ng6 30. gxh5 Rxd1 31. Rxd1 Rd8 32. Rxd8+ Qxd8 33.
hxg6 fxg6 34. Qxg6+ Kf8 35. b4 Nd7 36. Qh6+ Kf7 37. Bg6+ 1-0

[Event "Dobczyce2015"]
[Site "Dobczyce "]
[Date "2015.??.??"]
[Round "2.4"]
[White "Sleczka, Bartosz"]
[Black "Bednarczyk, Damian"]
[Result "0-1"]
[WhiteElo "1899"]
[BlackElo "2103"]
[PlyCount "62"]
[EventDate "2015.??.??"]

1. e4 c5 2. Nf3 d6 3. d4 cxd4 4. Nxd4 Nf6 5. Nc3 Nc6 6. Be2 e6 7. Be3 Be7 8.
O-O O-O 9. f4 Qc7 10. Ndb5 Qb8 11. a4 a6 12. Na3 Rd8 13. Bf3 Nd7 14. Nc4 b6 15.
Qe2 Nc5 16. Rfd1 Ra7 17. Qf2 Rc7 18. Rab1 Nb4 19. Bd4 b5 20. axb5 axb5 21. Na3
Ba6 22. Qg3 Bf8 23. Be2 Rcc8 24. Rd2 Qb7 25. Bxb5 Bxb5 26. Naxb5 Nxe4 27. Nxe4
Qxe4 28. Bf6 Rxc2 29. Re1 Qb7 30. Rxd6 Rxd6 31. Nxd6 Qb6+ 0-1

[Event "Dobczyce2015"]
[Site "Dobczyce "]
[Date "2015.??.??"]
[Round "2.5"]
[White "Bielecki, Andrzej"]
[Black "Golenia, Jan"]
[Result "0-1"]
[WhiteElo "1381"]
[BlackElo "1792"]
[PlyCount "80"]
[EventDate "2015.??.??"]

1. c4 e5 2. Nc3 Nf6 3. d3 Nc6 4. g3 Bb4 5. a3 Bxc3+ 6. bxc3 d6 7. Bg2 Bd7 8.
Nf3 h6 9. O-O O-O 10. Rb1 Rb8 11. Qc2 Ne7 12. d4 Bf5 13. Qb2 Bxb1 14. Qxb1 Ng6
15. Bb2 c6 16. Rd1 Qc7 17. a4 Rfd8 18. e3 c5 19. d5 a6 20. Nd2 b5 21. axb5 axb5
22. Qc2 b4 23. cxb4 Rxb4 24. Bc3 Rb7 25. Ra1 Rdb8 26. h4 Ra7 27. Rc1 Rba8 28.
Rb1 Ra2 29. Qd3 Rb8 30. Rc1 Qa7 31. Bh3 Qa3 32. Re1 Rxd2 33. Qxd2 Ne4 34. Qc2
Qxc3 35. Qxc3 Nxc3 36. f4 Rb4 37. Bf1 Ne4 38. Kg2 Nd2 39. Rc1 Rb2 40. Kg1 Nf3+
0-1

[Event "Dobczyce2015"]
[Site "Dobczyce "]
[Date "2015.??.??"]
[Round "2.6"]
[White "Brozyna, Mateusz"]
[Black "Lanoszka, Tadeusz"]
[Result "1-0"]
[WhiteElo "1783"]
[BlackElo "1418"]
[PlyCount "53"]
[EventDate "2015.??.??"]

1. e4 c5 2. d4 cxd4 3. c3 d6 4. Nf3 e6 5. cxd4 Nf6 6. Nc3 Be7 7. Bd3 Nc6 8. O-O
O-O 9. a3 Bd7 10. Bc2 Rc8 11. Qd3 g6 12. e5 dxe5 13. dxe5 Ng4 14. Bf4 Kg7 15.
h3 Nh6 16. Qd2 Ng8 17. Rfd1 Be8 18. Qe3 Qa5 19. Bb3 Bc5 20. Qe2 Qb6 21. Ne4
Bxf2+ 22. Qxf2 Qxb3 23. Qh4 h5 24. Nf6 Nxf6 25. exf6+ Kh7 26. Qg5 Rh8 27. Qh6+
1-0

[Event "Dobczyce2015"]
[Site "Dobczyce "]
[Date "2015.??.??"]
[Round "2.8"]
[White "Klementys, Jerzy"]
[Black "Mazurkiewicz, Adam"]
[Result "1-0"]
[WhiteElo "1652"]
[BlackElo "1378"]
[PlyCount "35"]
[EventDate "2015.??.??"]

1. d4 Nf6 2. c4 d5 3. cxd5 Nxd5 4. e4 Nb6 5. Nc3 e6 6. Nf3 Bb4 7. Bd3 O-O 8.
O-O Bd7 9. Bg5 f6 10. Be3 Qe7 11. Rc1 c5 12. dxc5 Bxc5 13. Nd5 exd5 14. Bxc5
Qf7 15. Bxf8 Kxf8 16. exd5 Qxd5 17. Bxh7 Qxa2 18. Qd6+ 1-0

[Event "Dobczyce2015"]
[Site "Dobczyce "]
[Date "2015.??.??"]
[Round "3.1"]
[White "Bednarczyk, Damian"]
[Black "Swiech, Przemyslaw"]
[Result "1-0"]
[WhiteElo "2103"]
[BlackElo "2256"]
[PlyCount "71"]
[EventDate "2015.??.??"]

1. Nf3 Nf6 2. g3 d5 3. Bg2 c5 4. O-O Nc6 5. d4 e6 6. c4 dxc4 7. Qa4 Bd7 8. dxc5
Bxc5 9. Qxc4 Qe7 10. Nc3 O-O 11. Bg5 Na5 12. Qh4 h6 13. Ne4 hxg5 14. Nfxg5 Rfc8
15. Rfd1 Bc6 16. Nxc5 Bxg2 17. Nd7 Bd5 18. Ne5 Rc4 19. Nxc4 Bxc4 20. Rd4 Bb5
21. Rad1 Be8 22. Rf4 Nc6 23. Rxf6 Qxf6 24. Qh7+ Kf8 25. Qh8+ Ke7 26. Nh7 Qd4
27. Qf8+ Kd7 28. Rxd4+ Nxd4 29. Qxg7 Nb5 30. Nf8+ Kc6 31. h4 Rd8 32. h5 Rd1+
33. Kg2 Kb6 34. h6 Bc6+ 35. f3 Nd4 36. Qxd4+ 1-0

[Event "Dobczyce2015"]
[Site "Dobczyce "]
[Date "2015.??.??"]
[Round "3.2"]
[White "Mucha, Roman"]
[Black "Kyc, Jerzy"]
[Result "1/2-1/2"]
[WhiteElo "2203"]
[BlackElo "2127"]
[PlyCount "20"]
[EventDate "2015.??.??"]

1. e4 c5 2. Nf3 d6 3. d4 cxd4 4. Nxd4 Nf6 5. Nc3 a6 6. Bc4 e6 7. Bb3 Be7 8. O-O
Nc6 9. Be3 Qc7 10. Kh1 O-O 1/2-1/2

[Event "Dobczyce2005"]
[Site "Dobczyce "]
[Date "2015.??.??"]
[Round "3.3"]
[White "Golenia, Jan"]
[Black "Gawronski, Lukasz"]
[Result "1/2-1/2"]
[WhiteElo "1792"]
[BlackElo "2006"]
[PlyCount "72"]
[EventDate "2015.??.??"]

1. d4 Nf6 2. c4 c5 3. d5 e6 4. Nc3 exd5 5. cxd5 d6 6. e4 g6 7. Nf3 Bg7 8. Bd3
O-O 9. h3 Na6 10. a3 Re8 11. O-O c4 12. Bc2 Nc5 13. Re1 Nfd7 14. Rb1 a6 15. a4
Rb8 16. Nd4 Ne5 17. Be3 Qh4 18. Nf3 Nxf3+ 19. Qxf3 Nd7 20. Bf4 Be5 21. Be3 b5
22. axb5 axb5 23. Ne2 Bg7 24. Nd4 Ne5 25. Qe2 g5 26. f3 Bd7 27. Qd2 h6 28. Qf2
Qxf2+ 29. Kxf2 b4 30. b3 c3 31. Ra1 Ra8 32. Red1 Bf8 33. Ne2 Bb5 34. Nd4 Bd7
35. Ne2 Bb5 36. Nd4 Bd7 1/2-1/2

[Event "Dobczyce2015"]
[Site "Dobczyce "]
[Date "2015.??.??"]
[Round "3.4"]
[White "Slabek, Grzegorz"]
[Black "Brozyna, Mateusz"]
[Result "1-0"]
[WhiteElo "2002"]
[BlackElo "1783"]
[PlyCount "120"]
[EventDate "2015.??.??"]

1. Nf3 f5 2. d4 Nf6 3. c4 g6 4. Nc3 Bg7 5. g3 O-O 6. Bg2 d6 7. O-O c6 8. d5 Bd7
9. Nd4 Qe8 10. Rb1 Na6 11. b4 c5 12. Ne6 Bxe6 13. dxe6 cxb4 14. Bxb7 bxc3 15.
Bxa6 Rb8 16. Bb7 Qd8 17. Qa4 Qc7 18. Qa6 Ne4 19. Be3 Nc5 20. Bxc5 Qxc5 21. e3
c2 22. Rbc1 Qb4 23. Bc6 Rb6 24. Qa4 Qc5 25. Bd5 Rb4 26. Qxc2 Rfb8 27. Rb1 Rxb1
28. Rxb1 Rxb1+ 29. Qxb1 Qb6 30. Qb5 Qxb5 31. cxb5 Bc3 32. f4 Kg7 33. Kf2 Kf6
34. Ke2 h5 35. Kd3 Be1 36. a4 g5 37. Ke2 Ba5 38. h4 gxh4 39. gxh4 Bb4 40. Kd3
Ba5 41. Ke2 Bb6 42. Bf3 Kxe6 43. Bxh5 Kf6 44. Be8 e5 45. Bc6 Kg6 46. Be8+ Kf6
47. Kd3 Bc7 48. h5 exf4 49. exf4 d5 50. h6 Bxf4 51. h7 Kg7 52. Bg6 Be5 53. Bxf5
Kh8 54. Kc2 Bc7 55. Kc3 Bb6 56. Kb4 Bg1 57. Ka5 Bb6+ 58. Ka6 Bc5 59. Kb7 Be3
60. Kc6 d4 1-0

[Event "Dobczyce2015"]
[Site "Dobczyce "]
[Date "2015.??.??"]
[Round "3.5"]
[White "Golenia, Wojciech"]
[Black "Sleczka, Bartosz"]
[Result "1-0"]
[WhiteElo "1750"]
[BlackElo "1899"]
[PlyCount "47"]
[EventDate "2015.??.??"]

1. e4 e5 2. f4 exf4 3. Bc4 Nf6 4. Nc3 Nc6 5. Nf3 Bb4 6. e5 Nh5 7. Nd5 O-O 8.
O-O d6 9. c3 Ba5 10. d4 Bg4 11. h3 Be6 12. b4 dxe5 13. dxe5 Bb6+ 14. Kh2 Ng3
15. Re1 Bf2 16. Bxf4 Bxe1 17. Qxe1 Nh5 18. Rd1 Bxd5 19. Rxd5 Qe8 20. Bg5 h6 21.
Qh4 hxg5 22. Qxh5 g6 23. Qh6 Qe7 24. Nxg5 1-0

[Event "Dobczyce2015"]
[Site "Dobczyce "]
[Date "2015.??.??"]
[Round "3.6"]
[White "Gromada, Andrzej"]
[Black "Klementys, Jerzy"]
[Result "1/2-1/2"]
[WhiteElo "1821"]
[BlackElo "1652"]
[PlyCount "108"]
[EventDate "2015.??.??"]

1. d4 Nf6 2. c4 g6 3. Nc3 d5 4. cxd5 Nxd5 5. e4 Nxc3 6. bxc3 Bg7 7. Be3 O-O 8.
Qd2 c5 9. Rb1 cxd4 10. cxd4 Nc6 11. Nf3 Bg4 12. d5 Bxf3 13. gxf3 Ne5 14. Be2
Qd7 15. f4 Ng4 16. Bd4 e5 17. dxe6 Qxd4 18. Qxd4 Bxd4 19. Bxg4 fxe6 20. Bxe6+
Kh8 21. f5 gxf5 22. Bxf5 Rf7 23. Ke2 Re8 24. Kf3 Rc7 25. Rhc1 Bc5 26. h4 b6 27.
Rd1 Rf8 28. Rd5 Kg7 29. Rg1+ Kf6 30. Rg5 Bb4 31. Rh5 Rff7 32. Rh6+ Ke7 33. h5
Kf8 34. Re6 Rc3+ 35. Kf4 Be7 36. Rd2 Rg7 37. Ke5 Rc5+ 38. Kd4 Bg5 39. f4 Rd7+
40. Ke3 Bxf4+ 41. Kxf4 Rxd2 42. h6 Rxa2 43. Bxh7 Rh2 44. Bf5 Rc1 45. h7 Rch1
46. Rd6 Rf1+ 47. Ke5 Rxf5+ 48. exf5 Rxh7 49. Rd8+ Ke7 50. Ra8 Rh6 51. Rxa7+ Kf8
52. Rc7 Ke8 53. f6 Rh1 54. Kf5 Kf8 1/2-1/2

[Event "Dobczyce2015"]
[Site "Dobczyce "]
[Date "2015.??.??"]
[Round "3.8"]
[White "Mazurkiewicz, Adam"]
[Black "Bielecki, Andrzej"]
[Result "0-1"]
[WhiteElo "1378"]
[BlackElo "1381"]
[PlyCount "64"]
[EventDate "2015.??.??"]

1. e4 c6 2. d4 d5 3. e5 Bf5 4. g4 Bg6 5. h4 h6 6. h5 Be4 7. f3 Bh7 8. Bd3 Bxd3
9. Qxd3 e6 10. Bd2 Nd7 11. Nc3 a6 12. f4 b5 13. a3 c5 14. dxc5 Bxc5 15. b4 Ba7
16. Nf3 Ne7 17. Nd4 Nb6 18. a4 Nc4 19. axb5 Qb6 20. Rxa6 Qb7 21. Na4 Bxd4 22.
Qxd4 Rxa6 23. bxa6 Qxa6 24. Nc5 Qb5 25. O-O Nc6 26. Qc3 Nxd2 27. Qxd2 Qxb4 28.
Nb3 Qxd2 29. Nxd2 Ke7 30. Kf2 Rc8 31. Rc1 Nb4 32. c3 Nd3+ 0-1

[Event "Dobczyce2015"]
[Site "Dobczyce "]
[Date "2015.??.??"]
[Round "4.1"]
[White "Kyc, Jerzy"]
[Black "Bednarczyk, Damian"]
[Result "1/2-1/2"]
[WhiteElo "2127"]
[BlackElo "2103"]
[PlyCount "112"]
[EventDate "2015.??.??"]

1. e4 c5 2. Nf3 d6 3. d4 cxd4 4. Nxd4 Nf6 5. Nc3 Nc6 6. Bg5 e6 7. Qd2 a6 8.
O-O-O Bd7 9. f3 Rc8 10. Nxc6 Rxc6 11. Ne2 Be7 12. h4 O-O 13. Nd4 Rc5 14. Kb1 b5
15. Nb3 Rc7 16. g4 Bc6 17. Bd3 e5 18. Be3 Rd7 19. h5 d5 20. g5 Nxe4 21. fxe4
dxe4 22. Qc3 exd3 23. Qxc6 Rc7 24. Qg2 dxc2+ 25. Qxc2 Rxc2 26. Rxd8 Rxb2+ 27.
Kxb2 Rxd8 28. Rc1 f5 29. gxf6 Bxf6 30. Rc6 Rd3 31. Bc1 Rh3 32. h6 e4+ 33. Kb1
a5 34. Nxa5 e3 35. hxg7 e2 36. Re6 Bc3 37. Rxe2 Bxa5 38. Re5 Bc3 39. Rxb5 Bxg7
40. a4 Rh4 41. a5 Ra4 42. Bd2 Bd4 43. Kc2 Kf7 44. Kb3 Ra1 45. Rd5 Bf6 46. Rd7+
Be7 47. Bc3 Ke6 48. Rd2 Ra3+ 49. Kc4 h5 50. Rh2 h4 51. Bb4 Bxb4 52. Kxb4 Ra1
53. Rxh4 Rb1+ 54. Ka4 Kd5 55. Rh8 Kc6 56. a6 Ra1+ 1/2-1/2

[Event "Dobczyce2015"]
[Site "Dobczyce "]
[Date "2015.??.??"]
[Round "4.2"]
[White "Swiech, Przemyslaw"]
[Black "Mucha, Roman"]
[Result "1/2-1/2"]
[WhiteElo "2256"]
[BlackElo "2203"]
[PlyCount "41"]
[EventDate "2015.??.??"]

1. d4 f5 2. c4 Nf6 3. Nc3 g6 4. e3 Bg7 5. Bd3 O-O 6. Qc2 Nc6 7. a3 d6 8. Nf3 e5
9. d5 Ne7 10. e4 f4 11. Bd2 h6 12. h4 Ng4 13. b4 Kh8 14. c5 c6 15. Rd1 cxd5 16.
exd5 Bf5 17. Be4 Rc8 18. Bc1 dxc5 19. b5 Bxe4 20. Qxe4 Nf5 21. d6 {zapis
nieczytelny} 1/2-1/2

[Event "Dobczyce2015"]
[Site "Dobczyce "]
[Date "2015.??.??"]
[Round "4.3"]
[White "Golenia, Wojciech"]
[Black "Slabek, Grzegorz"]
[Result "0-1"]
[WhiteElo "1750"]
[BlackElo "2002"]
[PlyCount "58"]
[EventDate "2015.??.??"]

1. e4 d5 2. exd5 Nf6 3. d4 Nxd5 4. c4 Nb6 5. Nc3 e5 6. d5 c6 7. Be3 Bb4 8. Be2
cxd5 9. Bxb6 Qxb6 10. cxd5 O-O 11. Nf3 e4 12. Ne5 e3 13. O-O exf2+ 14. Kh1 Bc5
15. Rc1 Qf6 16. Nc4 Bf5 17. Bg4 Nd7 18. Na4 Rac8 19. Qf3 g6 20. Nxc5 Rxc5 21.
b4 Rxc4 22. Rxc4 Ne5 23. Qe2 Bd3 24. Rxf2 Bxe2 25. Rxf6 Nxg4 26. Rff4 Bxc4 27.
Rxc4 Ne3 28. Rc7 Nxd5 29. Rxb7 Rc8 0-1

[Event "Dobczyce2015"]
[Site "Dobczyce "]
[Date "2015.??.??"]
[Round "4.4"]
[White "Gawronski, Lukasz"]
[Black "Gromada, Andrzej"]
[Result "1/2-1/2"]
[WhiteElo "2006"]
[BlackElo "1821"]
[PlyCount "42"]
[EventDate "2015.??.??"]

1. d4 d5 2. c4 e6 3. Nc3 Be7 4. Nf3 Nf6 5. Bg5 h6 6. Bh4 O-O 7. e3 b6 8. cxd5
Nxd5 9. Bxe7 Qxe7 10. Bd3 Bb7 11. O-O Nd7 12. Rc1 c5 13. Bb1 Nxc3 14. Rxc3 Rac8
15. Qd3 Nf6 16. dxc5 Rxc5 17. Rxc5 Qxc5 18. Qe2 Rc8 19. Rd1 Be4 20. Bxe4 Nxe4
21. Nd4 Nf6 1/2-1/2

[Event "Dobczyce2015"]
[Site "Dobczyce "]
[Date "2015.??.??"]
[Round "4.5"]
[White "Klementys, Jerzy"]
[Black "Golenia, Jan"]
[Result "1-0"]
[WhiteElo "1652"]
[BlackElo "1792"]
[PlyCount "133"]
[EventDate "2015.??.??"]

1. d4 d5 2. c4 c6 3. Nf3 Nf6 4. Nc3 Bf5 5. Qb3 Qb6 6. Qxb6 axb6 7. cxd5 Nxd5 8.
Nxd5 cxd5 9. Bd2 Nc6 10. a3 e6 11. e3 f6 12. Rc1 Bd6 13. Nh4 Bg4 14. f3 Bh5 15.
g4 Bf7 16. Bb5 Kd7 17. f4 g5 18. fxg5 fxg5 19. Nf3 h6 20. O-O Bg6 21. Rf2 Be4
22. Ne5+ Ke8 23. Nxc6 bxc6 24. Rxc6 Ke7 25. Rxb6 Rab8 26. Rxb8 Rxb8 27. a4 Bc2
28. Bb4 Bxb4 29. Rxc2 Bd6 30. Rc6 Ra8 31. Ra6 Rxa6 32. Bxa6 Kd8 33. h3 Kc7 34.
Kf2 Bb4 35. Ke2 Kd6 36. Kd3 Ba5 37. e4 Be1 38. Bb5 Ba5 39. Ba6 Be1 40. exd5
exd5 41. Bb7 Ba5 42. Kc2 Be1 43. Kb3 Bf2 44. a5 Bxd4 45. Ka3 Kc5 46. b4+ Kb5
47. Kb3 Be3 48. Bxd5 Bd2 49. Bc4+ Kc6 50. Ka4 Be3 51. Bf1 Kd5 52. Kb5 Kd6 53.
Bg2 Kc7 54. Ka6 Bf2 55. b5 Bd4 56. b6+ Kb8 57. Kb5 Bf2 58. a6 Bd4 59. a7+ Kc8
60. a8=Q+ Kd7 61. Qd5+ Ke7 62. Qxd4 Ke6 63. b7 Kf7 64. b8=Q Kg6 65. Qbb6+ Kh7
66. Qd7+ Kg8 67. Qb8# 1-0

[Event "Dobczyce2015"]
[Site "Dobczyce "]
[Date "2015.??.??"]
[Round "4.6"]
[White "Sleczka, Bartosz"]
[Black "Bielecki, Andrzej"]
[Result "1-0"]
[WhiteElo "1899"]
[BlackElo "1381"]
[PlyCount "47"]
[EventDate "2015.??.??"]

1. e4 c6 2. d4 d5 3. Nc3 dxe4 4. Nxe4 Bf5 5. Ng3 Bg6 6. Nf3 e6 7. h4 h6 8. Bd3
Bxd3 9. Qxd3 Nf6 10. Bd2 Nbd7 11. O-O-O c5 12. Rhe1 Be7 13. c4 Rc8 14. Bc3 cxd4
15. Nxd4 O-O 16. b3 a6 17. Kb1 Qb6 18. Bb2 a5 19. Qf3 Nc5 20. Ndf5 Rfe8 21.
Nxe7+ Rxe7 22. Bxf6 gxf6 23. Nh5 Kh8 24. Qxf6+ 1-0

[Event "Dobczyce2015"]
[Site "Dobczyce "]
[Date "2015.??.??"]
[Round "4.8"]
[White "Lanoszka, Tadeusz"]
[Black "Mazurkiewicz, Adam"]
[Result "1-0"]
[WhiteElo "1418"]
[BlackElo "1378"]
[PlyCount "83"]
[EventDate "2015.??.??"]

1. e4 e5 2. Nf3 Nc6 3. Bb5 Nge7 4. Nc3 a6 5. Ba4 b5 6. Bb3 h6 7. d4 exd4 8.
Nxd4 Nxd4 9. Qxd4 Nc6 10. Qd5 Qf6 11. O-O Bd6 12. Ne2 O-O 13. Bd2 Qh4 14. g3
Qh3 15. Nf4 Bxf4 16. Bxf4 Bb7 17. Bxc7 Qe6 18. Qd3 Nb4 19. Bxe6 Nxd3 20. Bxf7+
Rxf7 21. cxd3 d5 22. Rac1 dxe4 23. dxe4 Bxe4 24. h4 Rc8 25. Bf4 Rc2 26. Rfe1
Bf5 27. Rxc2 Bxc2 28. Re6 Rf6 29. Rxf6 gxf6 30. Bxh6 Kh7 31. Bd2 Kg6 32. Kg2
Kh5 33. Kf3 f5 34. Ke3 Be4 35. f3 Bb7 36. Kf4 Kg6 37. g4 fxg4 38. fxg4 Bd5 39.
h5+ Kf6 40. g5+ Kg7 41. b3 Kg8 42. Kf5 1-0

[Event "Dobczyce2015"]
[Site "Dobczyce "]
[Date "2015.??.??"]
[Round "5.2"]
[White "Slabek, Grzegorz"]
[Black "Kyc, Jerzy"]
[Result "0-1"]
[WhiteElo "2002"]
[BlackElo "2127"]
[PlyCount "82"]
[EventDate "2015.??.??"]

1. Nf3 Nf6 2. c4 g6 3. Nc3 d5 4. e3 Bg7 5. Qb3 dxc4 6. Bxc4 O-O 7. Ne5 e6 8. d4
a6 9. a4 c5 10. dxc5 Qc7 11. Nd3 Nbd7 12. Qb4 a5 13. Qa3 b6 14. Nb5 Qc6 15. O-O
Bb7 16. f3 bxc5 17. Bd2 Nb6 18. Rac1 Rfd8 19. Rf2 Nxc4 20. Rxc4 Nd7 21. e4 Ba6
22. Be3 Bxb5 23. axb5 Qxb5 24. Rfc2 Nb6 25. R4c3 Bxc3 26. Rxc3 c4 27. Nf2 Na4
28. Rc1 Qb3 29. Bg5 Qxa3 30. bxa3 Rdc8 31. Bf6 c3 32. Ng4 Rab8 33. Be5 Rb5 34.
Nf6+ Kf8 35. f4 c2 36. Bd6+ Kg7 37. Be5 Rb1 38. Nh5+ Kh6 39. Bg7+ Kxh5 40. h3
Rxc1+ 41. Kh2 Rh1+ 0-1